Historical background of smart tires and sensing : Paper presented at the meeting of the rubber division, American Chemical Society, Rhode Island, 24-27 April 2001. N0.47 (Record no. 42276)

MARC details
000 -LEADER
fixed length control field 00456nam a2200121Ia 4500
082 ## - DEWEY DECIMAL CLASSIFICATION NUMBER
Classification number NR:061.32001
Item number ACS.47
100 ## - MAIN ENTRY--AUTHOR NAME
Personal name Attorney, Patent
245 #0 - TITLE STATEMENT
Title Historical background of smart tires and sensing : Paper presented at the meeting of the rubber division, American Chemical Society, Rhode Island, 24-27 April 2001. N0.47
260 ## - PUBLICATION, DISTRIBUTION, ETC. (IMPRINT)
Place of publication Rhode Island
Name of publisher ACS
Year of publication 2001
700 ## - ADDED ENTRY--PERSONAL NAME
Personal name Cohn, Howard M
942 ## - ADDED ENTRY ELEMENTS (KOHA)
Koha item type Books
Holdings
Withdrawn status Lost status Damaged status Not for loan Home library Current library Date acquired Full call number Accession Number Koha item type
        RRII Library RRII Library 16/12/2021 NR:061.32001 ACS.47 22551 Books